| 000 | 00424nam a2200109Ia 4500 | ||
|---|---|---|---|
| 008 | 171212s9999 xx 000 0 und d | ||
| 100 | _aShlapak, David A.;Johnson, Michael | ||
| 245 |
_cShlapak, David A.;Johnson, Michael _aReinforcing Deterrence on NATO’s Eastern Flank _bWargaming the Defense of the Baltics |
||
| 260 |
_bRAND Corporation _c2016 |
||
| 650 | _aHistory | ||
| 856 | _uhttp://jstor.org/stable/10.7249/j.ctt19w71fs | ||
| 999 |
_c352491 _d352491 |
||